Vista normal Vista MARC

Entrada Personal Name

Número de registros utilizados en: 1

001 - CONTROL NUMBER

  • control field: 69434

003 - CONTROL NUMBER IDENTIFIER

  • control field: OSt

005 - DATE AND TIME OF LATEST TRANSACTION

  • control field: 20260316140726.0

008 - FIXED-LENGTH DATA ELEMENTS

  • fixed length control field: 260316|| aca||aabn | a|a d

040 ## - CATALOGING SOURCE

  • Original cataloging agency: OSt
  • Transcribing agency: OSt

100 ## - HEADING--PERSONAL NAME

  • Personal name: Cardona, Javier Fernando

670 ## - SOURCE DATA FOUND

  • Source citation: Work cat.: (OSt)60674: Cardona, Javier Fernando., Electrónica digital y su aplicación a la instrumentación :









Instituto Departamental de Cultura del Meta - Red Departamental de Bibliotecas Públicas del Meta.